LIBRARY ONLINE CATALOGUE

Financial and Managerial Accounting (Record no. 17991)

MARC details
000 -LEADER
fixed length control field 00417nam a22001577a 4500
008 - FIXED-LENGTH DATA ELEMENTS--GENERAL INFORMATION
fixed length control field 191018b xxu||||| |||| 00| 0 eng d
020 ## - INTERNATIONAL STANDARD BOOK NUMBER
International Standard Book Number 8126563722
050 ## - LIBRARY OF CONGRESS CALL NUMBER
Classification number HF5635
Item number .W49 2015 c.1
100 ## - MAIN ENTRY--PERSONAL NAME
Personal name Weygandt, Kimmel Kieso
245 ## - TITLE STATEMENT
Title Financial and Managerial Accounting
250 ## - EDITION STATEMENT
Edition statement 2nd ed.
260 ## - PUBLICATION, DISTRIBUTION, ETC. (IMPRINT)
Place of publication, distribution, etc. New Delhi
Name of publisher, distributor, etc. Wiley
Date of publication, distribution, etc. 2015
300 ## - PHYSICAL DESCRIPTION
Extent 1 vol (various paging)
650 ## - SUBJECT ADDED ENTRY--TOPICAL TERM
Topical term or geographic name as entry element Accounting
942 ## - ADDED ENTRY ELEMENTS (KOHA)
Source of classification or shelving scheme Library of Congress Classification
Koha item type General Collection
Holdings
Withdrawn status Lost status Source of classification or shelving scheme Not for loan Home library Current library Date acquired Total Checkouts Full call number Barcode Date last seen Price effective from Koha item type
    Library of Congress Classification   Kabarak, Main Campus Kabarak, Main Campus 18/10/2019   HF5635 .W49 2015 c.1 023975 18/10/2019 18/10/2019 General Collection